000
00330nam a2200145Ia 4500
005
20251222143235.0
008
251222s9999||||xx |||||||||||||| ||spa||
020
_a
84-220-1193-X
082
_a
230/R27
100
_a
Ratzinger, Joseph
245
0
_a
Informe sobre la Fe
250
_a
8a.ed.
264
_b
Católica
942
_c
LIB
999
_c
14366
_d
14366